000 00972cab a2200217 4500
001 ABS46321
008 090401t1992 xxu||||| |||| 00| 0 eng d
035 _a(Sirsi) u57785
041 _aeng
100 _aNdekugri, I.
245 4 _aThe JCT arbitration rules in practice
260 _c1992
350 _a0
490 _aConstruction Law Journal
_v8(2) 1992, 18-30(7)
520 _aAcknowledging the high level of dissatisfaction in the construction industry over the delays and costs of arbitration, originally established as an efficient alternative to litigation, this article explains the Joint Contracts Tribunal`s measures to improve matters: the JCT Arbitration Rules. It concludes with protagonists` reflections on this code`s operation.
650 _aJCT ARBITRATION RULES
690 _aMANAGEMENT-DISPUTE AVOIDANCE, MANAGEMENT AND RESOLUTION-DISPUTE MANAGEMENT AND RESOLUTION-ARBITRATION
700 _aHughes, P.
942 _n0
948 _c04/03/1997
999 _c35275
_d35275